000 00435nam a2200181Ia 4500
003 OSt
005 20220616141009.0
008 210210b1963 xxu||||| |||| 00| 0 eng d
040 _cAL
041 _aeng
082 _a822/24
100 _aALLEN (C K)
_943415
245 _aDemocracy and the indivisual
260 _aLondon
_bOxford University Press
_c1963
690 _aEnglish Prose
_943416
906 _a012210
942 _2ddc
_cBK
999 _c130985
_d130985